Normal view MARC view

Entry Personal Name

Number of records used in: 1

001 - CONTROL NUMBER

  • control field: 21853

003 - CONTROL NUMBER IDENTIFIER

  • control field: OSt

005 - DATE AND TIME OF LATEST TRANSACTION

  • control field: 20210208151743.0

008 - FIXED-LENGTH DATA ELEMENTS

  • fixed length control field: 210208|| aca||aabn | a|a d

040 ## - CATALOGING SOURCE

  • Original cataloging agency: OSt
  • Transcribing agency: OSt

100 ## - HEADING--PERSONAL NAME

  • Personal name: Revathi, E. Kamble, P. and Naresh, S.

670 ## - SOURCE DATA FOUND

  • Source citation: Work cat.: (OSt)514845: Revathi, E. Kamble, P. and Naresh, S. , Mapping performance of scheduled castes students under different learning environments in Telangana state

Powered by Koha